000
00316nam a2200121Ia 4500
005
20251222144814.0
008
251222s9999||||xx |||||||||||||| ||spa||
082
_a
922.23/G33
100
_a
Gazapo, Bienvenido
245
0
_a
Profeta de Nuestro Tiempo:
264
_b
Actas del 1er. Congreso Internacional
942
_c
LIB
999
_c
20216
_d
20216